000 01346cam a22004214a 4500
003 OSt
005 20140310184302.0
008 061024s2006 nyua j 000 1 eng
010 _a 2006281651
020 _a9780439735131 (pbk.)
020 _a0439735130 (pbk.)
040 _aDLC
_cDLC
050 0 0 _aPZ 7
_b.P7766Ra 2006
100 1 _aPosner, Tina.
_923052
245 1 0 _aRabbit tricks /
_cTina Posner ; illustrated by Liza Corbett.
260 _aNew York :
_bScholastic,
_c2006.
300 _a8 p. :
_bcol. ill. ;
_c23 cm.
521 _aG1
526 _c130
650 0 _aRabbits
_vJuvenile fiction.
_923053
650 0 _aTricks
_vJuvenile fiction.
_923054
650 0 _aFriendship
_vJuvenile fiction.
_923055
650 0 _aBehavior
_vJuvenile fiction.
_923056
650 0 _aRevenge
_vJuvenile fiction.
_923057
700 1 _aCorbett, Liza,
_eill.
_923058
906 _a7
_bcbc
_corignew
_d2
_encip
_f20
_gy-gencatlg
942 _2lcc
_cBK-SCHOLAS
999 _c33466
_d33466